| 000 | 00706nam2a2200205 4500 | ||
|---|---|---|---|
| 001 | RU\NLR\PER_A\010548468_001950 | ||
| 005 | 20250625012600.0 | ||
| 035 | _a(NLR Aleph) 016252257 | ||
| 090 |
_a12831298 _c12831298 |
||
| 100 | _a20230109d2022 |||y0rusy50 ca | ||
| 101 | 0 | _arus | |
| 102 | _aRU | ||
| 200 | 0 | _a2022, № 11 (98) | |
| 210 |
_d2022 _aБ. м. |
||
| 461 | 0 |
_1001RU\NLR\Per\1086282 _12001#$aСваты на пенсии$eжурнал$fТолока$v2022, № 11 (98) _910326999 _cСмоленск _d2014 - _fТолока _nТолока _oжурнал _tСваты на пенсии _x2313-5670 _v2022, № 11 (98) |
|
| 852 |
_aNLR _jП2/1118 |
||
| 942 | _cISSUE | ||
| 980 | _aNB | ||
| 980 | _aRUSPER | ||